Deset tipů, jak zefektivnit skladování - regály

Skúsenosti z praxe, ako môžu firmy zrýchliť a zefektívniť skladové procesy. Zhustené regály, regály na kolieskach, spádové regály. Využitie celej výšky haly. Rošty do regálov. Plastové zábrany. Podložky proti nízkej nosnosti. Prepojenie systémov. Zapojenie zamestnancov do zlepšovania.

Enregistré dans:
Détails bibliographiques
Auteur principal: Novotný, Radek
Format: Chapitre de livre
Langue:tchèque
Sujets:
Tags: Ajouter un tag
Pas de tags, Soyez le premier à ajouter un tag!

MARC

LEADER 00000naa a2200000 4500
001 0224609
005 20161122131431.0
041 0 |a cze 
044 |a CZ 
245 1 0 |a Deset tipů, jak zefektivnit skladování - regály  |c Radek Novotný 
520 |a Skúsenosti z praxe, ako môžu firmy zrýchliť a zefektívniť skladové procesy. Zhustené regály, regály na kolieskach, spádové regály. Využitie celej výšky haly. Rošty do regálov. Plastové zábrany. Podložky proti nízkej nosnosti. Prepojenie systémov. Zapojenie zamestnancov do zlepšovania. 
610 2 0 |a skladovanie 
610 2 0 |a sklady 
610 2 0 |a efektívnosť 
610 2 0 |a systémy informačné 
610 2 0 |a logistika 
100 1 |a Novotný, Radek